Statistics for Taylor Swift - Dear John Lyrics

Click here to take the quiz!

General Stats

  • This quiz has been taken 167 times
  • The average score is 330 of 373

Answer Stats

Answer% Correct
a
100%
the
100%
The
100%
you
100%
You
100%
I
98%
to
97%
who
97%
your
97%
Dear
96%
go
96%
John
96%
me
96%
was
96%
be
95%
Don't
95%
don't
95%
in
95%
it
95%
that
95%
then
95%
you're
95%
all
94%
All
94%
dress
94%
girl
94%
gone
94%
now
94%
see
94%
think
94%
too
94%
way
94%
young
94%
young?
94%
an
93%
messed
93%
so
93%
so?
93%
with?
93%
And
92%
and
92%
home
92%
my
92%
were
92%
when
92%
whole
92%
cried
91%
know
91%
ninteen's
90%
on
90%
but
88%
But
88%
game
88%
love
88%
of
88%
should've
88%
day
87%
known
87%
by
86%
I'm
86%
Oh
85%
"Run
85%
run
85%
twisted
85%
wrong
85%
like
84%
long
84%
Long
84%
nights
84%
played
84%
games
83%
mind
83%
every
82%
are
81%
around
81%
as
81%
can"
81%
dark
81%
empty
81%
fire
81%
is
81%
look
81%
loved
81%
mother
81%
over
81%
rules
81%
sad
81%
sick
81%
at
80%
changed
80%
fast
80%
fireworks
80%
said
80%
they
80%
town
80%
accused
79%
away
79%
back
79%
chess
79%
days
79%
give
79%
once
79%
revolved
79%
song
79%
take
79%
this
79%
why
79%
before
78%
could
78%
expert
78%
fine
78%
keeping
78%
sky
78%
sorry
78%
blue
77%
blurry
77%
girls
77%
it's
77%
losing
77%
maybe
77%
need
77%
Never
77%
paint
77%
shining
77%
took
77%
turn
77%
catch
76%
list
76%
blind
75%
get
75%
let
75%
matches
75%
out
75%
phone
75%
swore
75%
again
74%
impressed
74%
lines
74%
optimism
74%
them
74%
version
74%
blame
73%
through
73%
tonight
73%
Wondering
73%
you'll
73%
acing
72%
fall
72%
name
72%
praying
72%
rain
72%
tests
72%
up
72%
which
72%
won't
72%
wrote
72%
you've
72%
eyes
71%
how
71%
ignored
71%
Or
71%
add
70%
understand
70%
burned
69%
'cause
69%
footsteps
69%
i'll
69%
lived
69%
might
69%
picking
69%
regret
69%
tired
69%
traitors
67%
Well
67%
stopped
66%
dry
65%
have
64%
Counting
62%
floor
61%
lifeless
60%

Score Distribution

Percentile by Number Answered

Percent of People with Each Score

Your Score History

You have not taken this quiz